| 000 | 01021cas a22003017a 4500 | ||
|---|---|---|---|
| 005 | 20220817043548.0 | ||
| 008 | 990630d cu qu pernn 0 0b1spa d | ||
| 010 | _a78518 | ||
| 011 | _a79490 | ||
| 035 | _a89746 | ||
| 245 | 0 | 0 |
_aBaracoa _c/por Instituto Nacional de Desarrollo y Aprovechamiento Forestales |
| 260 | 0 |
_aLa Habana, Cuba : _bInstituto Nacional de Desarrollo y Aprovechamiento Forestales, _c1970- |
|
| 300 | _av. | ||
| 310 | _aTrimestral | ||
| 362 | 1 | _av.6 n.3-4 | |
| 500 | _aSe dejó de recibir a partir dl v.7 n.4,1977. | ||
| 590 |
_aBATCH-UPD _b10 _c20130110 _lUCH01 _h0633 |
||
| 590 |
_aBATCH-UPD _b10 _c20130410 _lUCH01 _h0317 |
||
| 590 |
_aBATCH-UPD _b10 _c20130914 _lUCH01 _h0720 |
||
| 590 |
_aCONVERSION _b10 _c20130109 _lUCH01 _h1343 |
||
| 650 | 0 | 4 |
_aBosques _xCuba. _914119 |
| 650 | 0 | 4 |
_aBosques _xUtilización _xPublicaciones periódicas. |
| 866 | _av.4 n.1-2 (1974) | ||
| 866 | _av.6 n.1-4 (1976) | ||
| 866 | _av.7 n.3-4 (1977) | ||
| 901 | _aSE | ||
| 905 | _aLilia Sánchez G. | ||
| 999 |
_c78518 _d78518 |
||